00751nam a22002057a 450000500170000001000150001702000260003203500140005803700090007208200120008110000280009324500480012125000060016926000480017527000840022330000240030794200260033199900190035795201690037620250117102641.0 aENG-143390 c695.00a9788119670031 aEN-126922 bDBAD a363.325 aMukarji, Apratim97669600aReturn Of The Taliban/cby Apratim Mukarji  a1 aNew DelhibVitasta Publishing Pvt Ltdc2024 a4348/4C, Ansari Road, Darya GanjbNew Delhie110002minfo@vitastapublishing.com alii,292p.c22cm(Hb) 2ddccENmMUKh363.325 c208475d208475 001040708NFICaLbLd2025-01-14eDelivery of Books Act Divisiong695.00l2m1o363.325 MUKpEN-126922r2026-04-02 10:22:09s2026-03-20t1v695.00w2025-01-14yEN